Roman Emperors by Time Proximity - Statistics

General Stats
  • This quiz has been taken 1,285 times
  • The average score is 35 of 84
Answer Stats
Nearby Emperors Reign Emperor % Correct
4 - Augustus, Tiberius, Claudius, Nero 37 - 41 Caligula
95%
4 - Augustus, Tiberius, Caligula, Nero 41 - 54 Claudius
95%
6 - Augustus, Tiberius, Claudius, Galba, Vespasian, Domitian 54 - 68 Nero
95%
3 - Augustus, Caligula, Claudius 14 - 37 Tiberius
91%
1 - Tiberius 27 BC – 14 AD Augustus
87%
6 - Nero, Vespasian, Titus, Nerva, Trajan, Hadrian 81 - 96 Domitian
82%
7 - Nero, Galba, Otho, Vitellius, Titus, Domitian, Trajan 69 - 79 Vespasian
76%
4 - Nero, Vespasian, Domitian, Trajan 79 - 81 Titus
73%
5 - Nero, Otho, Vitellius, Vespasian, Domitian 68 - 69 Galba
67%
5 - Nero, Galba, Vitellius, Vespasian, Domitian 69 Otho
67%
5 - Nero, Galba, Otho, Vespasian, Domitian 69 Vitellius
67%
4 - Domitian, Nerva, Hadrian, Antoninus Pius 98 - 117 Trajan
60%
3 - Domitian, Trajan, Hadrian 96 - 98 Nerva
58%
3 - Hadrian, Marcus Aurelius, Lucius Verus 138 - 161 Antoninus Pius
52%
8 - Gallienus, Claudius Gothicus, Quintillus, Tacitus, Probus, Diocletian, Maximian, Constantine I 270 - 275 Aurelian
52%
2 - Trajan, Antoninus Pius 117 - 138 Hadrian
52%
9 - Philip the Arab, Trajan Decius, Trebonianus Gallus, Aemilian, Valerian, Claudius Gothicus, Aurelian, Diocletian, Maximian 253 - 268 Gallienus
50%
5 - Antoninus Pius, Marcus Aurelius, Lucius Verus, Septimius Severus, Caracalla 177 - 192 Commodus
48%
5 - Antoninus Pius, Lucius Verus, Commodus, Septimius Severus, Caracalla 161 - 180 Marcus Aurelius
48%
7 - Marcus Aurelius, Commodus, Pertinax, Didius Julianus, Caracalla, Geta, Severus Alexander 193 - 211 Septimius Severus
47%
6 - Marcus Aurelius, Commodus, Septimius Severus, Macrinus, Elagabalus, Severus Alexander 198 - 217 Caracalla
46%
10 - Diocletian, Maximian, Constantius I Chlorus, Galerius, Severus II, Maxentius, Licinius I, Constantine II, Constantius II, Constans I 306 - 337 Constantine I
45%
11 - Probus, Carus, Numerian, Carinus, Maximian, Constantius I Chlorus, Galerius, Severus II, Constantine I, Maxentius, Licinius I 284 - 305 Diocletian
45%
8 - Diocletian, Maximian, Constantius I Chlorus, Severus II, Constantine I, Maxentius, Maximinus II, Licinius I 305 - 311 Galerius
45%
5 - Theodosius II, Valentinian III, Anthemius, Julius Nepos, Romulus Augustulus 473 - 474 Glycerius
45%
5 - Theodosius II, Valentinian III, Anthemius, Glycerius, Romulus Augustulus 474 - 475 Julius Nepos
45%
8 - Diocletian, Maximian, Galerius, Severus II, Constantine I, Maxentius, Constantius II, Constans I 308 - 324 Licinius I
45%
8 - Diocletian, Maximian, Constantius I Chlorus, Galerius, Severus II, Constantine I, Maximinus II, Licinius I 306 - 312 Maxentius
45%
9 - Probus, Carinus, Diocletian, Constantius I Chlorus, Galerius, Severus II, Constantine I, Maxentius, Licinius I 286 - 305 Maximian
45%
6 - Severus Alexander, Gordian III, Trajan Decius, Trebonianus Gallus, Valerian, Gallienus 244 - 249 Philip the Arab
45%
5 - Theodosius II, Valentinian III, Anthemius, Glycerius, Julius Nepos 475 - 476 Romulus Augustulus
45%
7 - Diocletian, Maximian, Galerius, Severus II, Constantine I, Maxentius, Licinius I 305 - 306 Constantius I Chlorus
44%
5 - Marcus Aurelius, Commodus, Pertinax, Septimius Severus, Caracalla 193 Didius Julianus
44%
7 - Gallienus, Aurelian, Tacitus, Probus, Diocletian, Maximian, Constantine I 276 Florian
44%
5 - Marcus Aurelius, Commodus, Didius Julianus, Septimius Severus, Caracalla 193 Pertinax
44%
10 - Gallienus, Aurelian, Tacitus, Florian, Carus, Numerian, Carinus, Diocletian, Maximian, Constantine I 276 - 282 Probus
44%
7 - Diocletian, Maximian, Constantius I Chlorus, Galerius, Constantine I, Maxentius, Licinius I 306 - 307 Severus II
44%
7 - Gallienus, Aurelian, Florian, Probus, Diocletian, Maximian, Constantine I 275 - 276 Tacitus
44%
7 - Gallienus, Probus, Carus, Numerian, Diocletian, Maximian, Constantine I 283 - 285 Carinus
41%
7 - Gallienus, Probus, Numerian, Carinus, Diocletian, Maximian, Constantine I 282 - 283 Carus
41%
11 - Constantine I, Licinius I, Constantine II, Constans I, Julian II, Valentinian I, Valens, Gratian, Valentinian II, Arcadius, Theodosius II 337 - 361 Constantius II
41%
12 - Constantine I, Constantius II, Constans I, Julian II, Valentinian I, Valens, Gratian, Valentinian II, Theodosius I, Arcadius, Honorius, Theodosius II 363 - 364 Jovian
41%
12 - Constantine I, Constantius II, Constans I, Jovian, Valentinian I, Valens, Gratian, Valentinian II, Theodosius I, Arcadius, Honorius, Theodosius II 360 - 363 Julian II
41%
7 - Gallienus, Probus, Carus, Carinus, Diocletian, Maximian, Constantine I 283 - 284 Numerian
41%
11 - Constantine I, Constantius II, Julian II, Jovian, Valentinian I, Gratian, Valentinian II, Theodosius I, Arcadius, Honorius, Theodosius II 364 - 378 Valens
41%
11 - Constantine I, Constantius II, Julian II, Jovian, Valens, Gratian, Valentinian II, Theodosius I, Arcadius, Honorius, Theodosius II 364 - 375 Valentinian I
41%
3 - Antoninus Pius, Marcus Aurelius, Commodus 161- 169 Lucius Verus
40%
7 - Diocletian, Maximian, Galerius, Constantine I, Maxentius, Licinius I, Constantius II 311 - 313 Maximinus II
40%
9 - Constantine I, Constantius II, Valentinian I, Valens, Valentinian II, Theodosius I, Arcadius, Honorius, Theodosius II 367 - 383 Gratian
39%
6 - Gordian III, Philip the Arab, Hostilian, Trebonianus Gallus, Valerian, Gallienus 249 - 251 Trajan Decius
39%
5 - Philip the Arab, Trajan Decius, Trebonianus Gallus, Valerian, Gallienus 253 Aemilian
36%
5 - Philip the Arab, Trajan Decius, Trebonianus Gallus, Valerian, Gallienus 251 Hostilian
36%
6 - Philip the Arab, Trajan Decius, Hostilian, Aemilian, Valerian, Gallienus 251 - 253 Trebonianus Gallus
36%
5 - Philip the Arab, Trajan Decius, Trebonianus Gallus, Aemilian, Gallienus 253 - 260 Valerian
36%
6 - Constantine I, Licinius I, Constantine II, Constantius II, Vetranio, Valens 337 - 350 Constans I
35%
4 - Constantine I, Constantius II, Constans I, Valens 350 Vetranio
35%
4 - Constantine I, Licinius I, Constantius II, Constans I 337 - 340 Constantine II
33%
6 - Gallienus, Quintillus, Aurelian, Probus, Diocletian, Maximian 268 - 270 Claudius Gothicus
32%
6 - Gallienus, Claudius Gothicus, Aurelian, Probus, Diocletian, Maximian 270 Quintillus
32%
8 - Caracalla, Severus Alexander, Gordian I, Gordian II, Pupienus, Balbinus, Gordian III, Gallienus 235 - 238 Maximinus I
30%
5 - Septimius Severus, Caracalla, Elagabalus, Maximinus I, Gordian III 222 - 235 Severus Alexander
28%
8 - Severus Alexander, Maximinus I, Gordian I, Gordian II, Pupienus, Balbinus, Philip the Arab, Gallienus 238 - 244 Gordian III
26%
7 - Severus Alexander, Maximinus I, Gordian I, Gordian II, Pupienus, Gordian III, Gallienus 238 Balbinus
25%
7 - Severus Alexander, Maximinus I, Gordian II, Pupienus, Balbinus, Gordian III, Gallienus 238 Gordian I
25%
7 - Severus Alexander, Maximinus I, Gordian I, Pupienus, Balbinus, Gordian III, Gallienus 238 Gordian II
25%
7 - Severus Alexander, Maximinus I, Gordian I, Gordian II, Balbinus, Gordian III, Gallienus 238 Pupienus
25%
4 - Septimius Severus, Caracalla, Macrinus, Severus Alexander 218 - 222 Elagabalus
24%
3 - Septimius Severus, Caracalla, Severus Alexander 209 - 211 Geta
24%
4 - Septimius Severus, Caracalla, Elagabalus, Severus Alexander 217 - 218 Macrinus
24%
6 - Honorius, Theodosius II, Valentinian III, Avitus, Majorian, Libius Severus 450 - 457 Marcian
23%
5 - Theodosius II, Valentinian III, Marcian, Majorian, Anthemius 461 - 465 Libius Severus
22%
5 - Theodosius II, Valentinian III, Marcian, Avitus, Libius Severus 457 - 461 Majorian
22%
5 - Theodosius II, Valentinian III, Libius Severus, Olybrius, Glycerius 467 - 472 Anthemius
21%
9 - Constantius II, Valentinian I, Valens, Gratian, Valentinian II, Theodosius I, Honorius, Theodosius II, Valentinian III 383 - 408 Arcadius
19%
9 - Constantius II, Valentinian I, Valens, Gratian, Valentinian II, Arcadius, Honorius, Theodosius II, Valentinian III 379 - 395 Theodosius I
19%
8 - Constantius II, Valentinian I, Valens, Gratian, Theodosius I, Arcadius, Honorius, Theodosius II 375 - 392 Valentinian II
19%
7 - Gratian, Valentinian II, Theodosius I, Arcadius, Theodosius II, Joannes, Valentinian III 393 - 423 Honorius
17%
8 - Arcadius, Honorius, Theodosius II, Joannes, Marcian, Petronius Maximus, Avitus, Majorian 424 - 455 Valentinian III
17%
5 - Theodosius II, Valentinian III, Marcian, Petronius Maximus, Majorian 455 - 456 Avitus
16%
5 - Arcadius, Honorius, Theodosius II, Joannes, Valentinian III 421 Constantius III
16%
5 - Theodosius II, Valentinian III, Marcian, Avitus, Majorian 455 Petronius Maximus
16%
6 - Valentinian II, Theodosius I, Arcadius, Honorius, Valentinian III, Marcian 402 - 450 Theodosius II
16%
4 - Arcadius, Honorius, Theodosius II, Valentinian III 423 - 425 Joannes
15%
4 - Theodosius II, Valentinian III, Anthemius, Glycerius 472 - 472 Olybrius
15%
No matching quizzes found
Score Distribution
Percent of People with Each Score
Percentile by Number Answered
Your Score History
You have not taken this quiz